[Event "SVK ECo-C Extraliga 2021-22"]
[Site "Slovakia"]
[Date "2022.03.12"]
[Round "5.1"]
[White "Pechac, Jergus"]
[Black "Donchenko, Alexander"]
[Result "1-0"]
[WhiteElo "2599"]
[BlackElo "2636"]
[Annotator "TA"]
[PlyCount "85"]
[EventDate "2021.10.21"]
[EventType "team-tourn"]
[EventCountry "SVK"]
[SourceTitle "playchess.com"]
[Source "ChessBase"]
[SourceQuality "1"]

{[%evp 17,85,0,3,-3,0,0,0,0,28,26,20,27,41,50,47,29,33,36,97,97,112,112,92,116,88,39,270,275,250,46,242,265,372,320,317,310,560,549,565,547,587,556,609,579,595,595,650,616,588,644,652,649,641,634,594,608,668,650,667,667,983,953,29974,29975,29974,29974,29983,29984,29990,29985]} 1. d4 Nf6 2. c4 e6 3. Nc3 Bb4 4. e3 O-O 5. Bd3 d5 6. Nf3 dxc4 7. Bxc4 c5 8. O-O cxd4 9. exd4 b6 10. Qa4 {E54: Nimzo-Indian: Rubinstein: Main Line: 7...dxc4 8 Bxc4.} Be7 11. Be3 Bb7 12. Ne5 {[#] The position is equal.} Nd5 $146 ({Predecessor:} 12... a6 13. Qb3 b5 14. Nxf7 Rxf7 15. Bxe6 Qe8 16. Rfe1 Bc8 17. Bxf7+ Qxf7 18. Bg5 Qxb3 19. axb3 {1-0 (44) Van Foreest,J (2682)-Huschenbeth,N (2612) Linares 2020}) 13. Nxd5 Bxd5 14. Rac1 a6 15. Qb3 Bxc4 16. Rxc4 b5 17. Rc2 Bf6 (17... Bd6 $14) 18. Rfc1 $16 {[%cal Oe5f7] Hoping for Nxf7! White is much more active.} Qd6 19. Rc7 Bxe5 20. dxe5 Qxe5 21. Qa3 (21. Qd3 $16) 21... a5 $2 {[#]} (21... Qd5 $14) 22. Rc8 $1 $18 {[%csl Ga3][%cal Rc8f8,Bc7c8,Bc8a8,Ba8a5][%mdl 32]} Nd7 {[#]} 23. Qxf8+ {[%mdl 512]} Nxf8 24. Rxa8 Qxb2 (24... Qd5 $142 25. Rac8 (25. Rxa5 h6 $11) 25... h6) 25. h4 h5 26. Rcc8 Kh7 $2 (26... Qa3 {might work better.} 27. g3 (27. Rxf8+ Qxf8 28. Rxf8+ Kxf8 $18) 27... f6) 27. Rxf8 Kg6 28. Rxa5 Qb1+ 29. Kh2 Qb4 30. Rfa8 Qxh4+ 31. Kg1 Qb4 32. a4 bxa4 33. Rg5+ Kf6 34. Rxh5 a3 35. Kh2 Qd6+ 36. g3 Qd3 37. Rh4 e5 38. Rha4 {Black must now prevent R8a6+.} Qh7+ 39. Kg2 {White threatens R8a6+ and mate.} a2 40. R8a6+ {White mates.} Ke7 41. Bc5+ Ke8 42. Ra7 Kd8 43. Rxf7 {Weighted Error Value: White=0.02 (flawless) /Black=0.39} 1-0

[Event "SVK ECo-C Extraliga 2021-22"]
[Site "Slovakia"]
[Date "2022.03.12"]
[Round "5.1"]
[White "Babula, Vlastimil"]
[Black "Mazur, Stefan"]
[Result "1/2-1/2"]
[WhiteElo "2558"]
[BlackElo "2422"]
[Annotator "TA"]
[PlyCount "137"]
[EventDate "2021.10.21"]
[EventType "team-tourn"]
[EventCountry "SVK"]
[SourceTitle "playchess.com"]
[Source "ChessBase"]
[SourceQuality "1"]

{[%evp 13,137,44,38,33,54,44,38,25,41,25,20,10,0,0,27,16,21,24,25,29,35,19,47,18,27,41,34,33,39,43,42,45,124,39,41,37,36,33,33,33,33,33,33,34,45,23,23,23,23,23,23,23,23,23,23,23,23,23,143,143,143,143,143,143,143,143,143,0,143,143,143,143,143,12,94,68,143,143,143,68,143,143,143,143,143,143,143,143,143,0,143,143,143,143,143,143,143,143,143,143,143,143,143,8,143,8,8,8,8,8,8,8,25,25,25,25,25,25,25,20,20,20,20,17,10,-8]} 1. d4 d5 2. Nf3 {[%cal Bg1f3,Bf3d4,Bd4b5][%mdl 32]} c5 3. c4 cxd4 4. cxd5 Nf6 5. Qxd4 Qxd5 6. Nc3 Qxd4 7. Nxd4 Bd7 8. Ndb5 {aiming for Nc7+. has lost popularity (8.e4). D06: Queen's Gambit: Symmetrical and Baltic Defences.} Na6 {To avoid Nc7+} 9. e4 e5 10. Be3 {[#] White is slightly better.} Ng4 $146 ({Predecessor:} 10... Bb4 11. O-O-O O-O 12. f3 Bc5 13. Bxc5 Nxc5 14. Bc4 Bc6 15. b4 Ne6 16. Bxe6 fxe6 {1-0 (38) Ardila,O (2017)-Berdychevskaya,N (2208) Chess.com INT 2020}) 11. Bxa7 Rxa7 12. h3 Nxf2 13. Kxf2 Bc5+ 14. Kg3 Ra8 15. Rd1 Be6 {Inhibits Bc4.} 16. Nd5 O-O 17. a3 {Inhibits Nb4.} Rfd8 18. Be2 Bxd5 (18... Kf8 {feels hotter.} 19. Rhf1 Bxd5 20. exd5 Bd6 21. Rc1 f6) 19. Rxd5 Rxd5 20. exd5 Rd8 {Prevents d6.} 21. b4 Bf8 22. d6 Bxd6 (22... Nb8 $1 $14) 23. Rd1 (23. Nxd6 $16 Rxd6 24. Rc1) 23... Be7 $14 24. Rxd8+ Bxd8 {[%mdl 4096] Endgame KBN-KBN} 25. Nd6 Be7 26. Nxb7 Nxb4 27. axb4 Bxb4 28. Bc4 Kf8 29. Kf3 f5 $1 30. g4 fxg4+ 31. Kxg4 ({Less strong is} 31. hxg4 Ke7 32. Bd3 g6 $18) 31... g6 32. Kf3 Kg7 33. Nd8 Kf6 34. Ke4 h5 35. Nf7 g5 (35... Bc3 $11) 36. Nh6 $1 $16 Be1 {[%cal Og5g4]} 37. Nf5 g4 {[#]} 38. h4 Bf2 39. Bb5 Be1 40. Bc4 Bf2 41. Bd3 Be1 42. Ke3 Ba5 43. Ke2 (43. Bc2 $16) 43... Bd8 (43... e4 $1 $11 {keeps the balance.} 44. Bxe4 Ke5) 44. Be4 Ba5 (44... Bb6 $14 45. Ng3 Bd8) 45. Ne3 Bd8 46. Bc6 ({White should try} 46. Kd3 $16) 46... Kf7 ({Better is} 46... e4 $1 $14) 47. Ng2 Bb6 48. Kd3 Bf2 49. Ke4 Kf6 50. Kd5 Bg3 51. Ke4 Bf2 52. Ba4 Bg3 53. Bc2 Bf2 54. Kd5 Bg3 55. Bd3 Bf2 56. Be4 Bg3 57. Kd6 Bf2 58. Kd7 (58. Bc6 $16) 58... Bg3 {[#]} (58... Bxh4 $1 $11 {remains equal.} 59. Nxh4 Kg5) 59. Ke8 (59. Kc6 $1 $16) 59... Bxh4 60. Nxh4 Kg5 $1 61. Ng6 h4 62. Kf7 h3 {White must now prevent ...g3.} 63. Ke6 g3 {[%cal Bg4g3,Bg3g2,Bg2g1,Bg1h3][%mdl 32] Hoping for ...g2.} 64. Kxe5 {Threatens to win with Nf4.} g2 65. Nf4 g1=N 66. Bh1 Kg4 {The position is equal.} 67. Ke4 h2 68. Ke3 Nh3 69. Ke4 {Black defended with fortune.  Weighted Error Value: White=0.23 (precise) /Black=0.15 (very precise)} 1/2-1/2

[Event "SVK ECo-C Extraliga 2021-22"]
[Site "Slovakia"]
[Date "2022.03.12"]
[Round "5.1"]
[White "Stocek, Jiri"]
[Black "Zilka, Stepan"]
[Result "1/2-1/2"]
[WhiteElo "2556"]
[BlackElo "2606"]
[Annotator "TA"]
[PlyCount "33"]
[EventDate "2021.10.21"]
[EventType "team-tourn"]
[EventCountry "SVK"]
[SourceTitle "playchess.com"]
[Source "ChessBase"]
[SourceQuality "1"]

{[%evp 10,33,18,18,52,0,0,3,4,11,0,-6,0,0,0,0,0,-2,-1,-3,-15,-8,20,20,14,8]} 1. Nf3 c5 2. c4 Nf6 {[%cal Bg8f6,Bf6d5,Bd5b4][%mdl 32]} 3. Nc3 d5 4. cxd5 Nxd5 5. e3 Nc6 6. Bb5 Ndb4 {A34: Symmetrical English: 2 Nc3, lines with ...d5.} 7. Ne5 (7. d4 $14 {is superior.}) 7... Bd7 $11 {The position is equal.} 8. Nxd7 Qxd7 {[#]} 9. d4 $146 ({Predecessor:} 9. O-O a6 10. Be2 e6 11. a3 Nd3 12. Qc2 Rd8 13. Rd1 c4 14. b4 b5 15. Bxd3 Qxd3 16. Qxd3 Rxd3 {½-½ (51) Milosevic,A (2306)-Kalcic,K (2229) Leskovac 2014}) 9... cxd4 10. a3 Nd5 11. exd4 e6 12. O-O Be7 13. Qg4 Bf6 14. Bg5 Bxg5 15. Qxg5 O-O 16. Nxd5 exd5 17. Rfe1 {A balanced but interesting game.  Weighted Error Value: White=0.06 (flawless) /Black=0.07 (flawless)} 1/2-1/2

[Event "SVK ECo-C Extraliga 2021-22"]
[Site "Slovakia"]
[Date "2022.03.12"]
[Round "5.1"]
[White "Plat, Vojtech"]
[Black "Vykouk, Jan"]
[Result "1/2-1/2"]
[WhiteElo "2554"]
[BlackElo "2471"]
[Annotator "TA"]
[PlyCount "27"]
[EventDate "2021.10.21"]
[EventType "team-tourn"]
[EventCountry "SVK"]
[SourceTitle "playchess.com"]
[Source "ChessBase"]
[SourceQuality "1"]

{[%evp 14,27,39,22,23,0,0,0,4,0,0,-5,-9,-47,-33,-39]} 1. c4 g6 2. d4 Bg7 3. Nf3 d6 4. g3 Nd7 5. Bg2 e5 6. Nc3 {[%cal Bb1c3,Bc3e4,Be4d6][%mdl 32]} Ne7 7. O-O O-O 8. dxe5 dxe5 {A41: 1 d4 d6: Tartakower System and Modern Defence.} 9. Be3 c6 10. Ne4 Nf5 {[#]} 11. Bg5 $146 ({Predecessor:} 11. Bd2 Nf6 12. Nc5 b6 13. Nb3 Qe7 14. Qc2 Bb7 15. c5 Rfd8 16. e3 Rd7 17. Bc3 {1-0 (47) Hala,B (2215)-Jacek,M (1985) Czech Republic 1993}) 11... Qb6 12. g4 Nd4 13. Nd6 Nc5 14. Nxd4 {White got outplayed after the opening.  Weighted Error Value: White=0.15 (very precise) /Black=0.00 (flawless)} 1/2-1/2

[Event "SVK ECo-C Extraliga 2021-22"]
[Site "Slovakia"]
[Date "2022.03.12"]
[Round "5.1"]
[White "Aczel, Gergely"]
[Black "Petenyi, Tamas"]
[Result "1/2-1/2"]
[WhiteElo "2545"]
[BlackElo "2452"]
[Annotator "TA"]
[PlyCount "92"]
[EventDate "2021.10.21"]
[EventType "team-tourn"]
[EventCountry "SVK"]
[SourceTitle "playchess.com"]
[Source "ChessBase"]
[SourceQuality "1"]

{[%evp 11,92,32,33,42,64,41,40,40,46,33,27,27,28,29,30,22,26,28,47,16,25,25,27,10,20,0,0,-35,-45,-32,-25,-23,-15,-64,-56,-57,-32,-6,0,0,0,0,0,0,0,0,0,0,5,8,8,8,7,0,0,0,0,0,0,0,0,0,0,0,0,0,0,0,0,0,0,-8,-8,-8,-2,-8,0,0,0,0,0,0,0]} 1. d4 c5 2. d5 d6 3. e4 g6 4. c4 Bg7 5. Nc3 Nf6 6. Bg5 Qa5 7. Bd3 {E70: King's Indian: Miscellaneous lines with 4 e4, including 5 Nge2 and 5 Bd3 0-0 6 Nge2.} O-O {[%cal Of6e4]} 8. Nf3 Bg4 9. O-O {White is slightly better.} Nbd7 {[#]} 10. Be2 $146 ({Predecessor:} 10. h3 Bxf3 11. Qxf3 Ne5 12. Qe2 Nxd3 13. Qxd3 h6 14. Bh4 a6 15. f4 Qc7 16. Rae1 {1-0 (48) Alahakoon,I (2054)-Masters,C (1900) Kalutara 2015}) 10... Bxf3 11. Bxf3 Qb4 {[%csl LRb2,LRc4]} 12. Qb3 Qxb3 13. axb3 a6 14. Be2 Rfd8 15. f4 Kf8 16. Bh4 Rab8 17. Kh1 Ne8 18. Bg4 Bd4 19. Rad1 b5 20. cxb5 axb5 21. b4 Bf6 (21... Nef6 {is more complex.} 22. bxc5 Bxc3 23. Bxd7 Nxd7 24. c6 Ba5) 22. Bxd7 (22. Be1 $11) 22... Rxd7 $15 23. Bxf6 {[#] And now Bg5 would win.} Nxf6 (23... cxb4 {seems wilder.} 24. Bd4 bxc3 25. bxc3 b4 26. cxb4 Rxb4 27. f5 f6) 24. bxc5 {Black must now prevent c6.} dxc5 {Threatens to win with ...b4. The position is equal.} 25. e5 b4 26. exf6 bxc3 27. fxe7+ Kxe7 28. bxc3 $11 {[%mdl 4096] Endgame KRR-KRR} Rb3 29. c4 Rc3 30. Rc1 Rxc1 31. Rxc1 {KR-KR} Rb7 32. h3 Rb3 33. Re1+ Kd7 34. f5 Rc3 35. f6 Rxc4 36. Re7+ Kd6 37. Rxf7 Kxd5 38. Rxh7 Rf4 39. Rd7+ Ke6 40. Rc7 Kd6 41. Rc8 Rxf6 {[#] ...Kd5 is the strong threat.} 42. g4 Rf2 43. Kg1 Ra2 44. Kf1 Kd5 45. Ke1 c4 46. Rg8 c3 {Weighted Error Value: White=0.06 (flawless) /Black=0.03 (flawless)} 1/2-1/2

[Event "SVK ECo-C Extraliga 2021-22"]
[Site "Slovakia"]
[Date "2022.03.12"]
[Round "5.1"]
[White "Mihok, Oliver"]
[Black "Ftacnik, Lubomir"]
[Result "0-1"]
[WhiteElo "2544"]
[BlackElo "2508"]
[Annotator "TA"]
[PlyCount "76"]
[EventDate "2021.10.21"]
[EventType "team-tourn"]
[EventCountry "SVK"]
[SourceTitle "playchess.com"]
[Source "ChessBase"]
[SourceQuality "1"]

{[%evp 21,76,36,33,24,10,2,21,18,0,0,29,31,18,0,0,7,26,0,0,0,0,0,0,-109,-109,-109,-83,-80,-91,-288,-253,-625,-615,-397,-672,-643,-629,-532,-350,-587,-575,-829,-789,-788,-788,-754,-780,-677,-660,-29940,-9639,-29966,-29967,-29966,-29966,-5057,-4132]} 1. e4 c5 2. Nf3 d6 3. d4 cxd4 4. Nxd4 Nf6 5. Nc3 a6 6. Be3 e5 7. Nb3 Be6 8. f3 h5 9. Qd2 Nbd7 {[%cal Bb8d7,Bd7b6,Bb6c4][%mdl 32]} 10. O-O-O Rc8 11. Kb1 Be7 12. g3 {B90: Sicilian Najdorf: Unusual White 6th moves, 6 Be3 Ng4 and 6 Be3 e5.} b5 13. Nd5 {Prevents Nb6.} Bxd5 14. exd5 {The position is equal.} Nb6 $1 15. Bh3 {Bxb6 is the strong threat.} Nc4 16. Qe2 Rb8 17. f4 Qc7 $1 {[#]} 18. Bc1 $146 ({Predecessor:} 18. fxe5 dxe5 19. Bg5 Rb6 20. Nd2 Ba3 21. d6 Bxd6 22. Bxf6 Nxd2+ 23. Rxd2 gxf6 24. Rhd1 Ke7 25. Qf3 a5 26. Bf5 a4 27. g4 h4 28. Qc3 Qc5 29. Qf3 {½-½ (29) Lhotka,J (2072)-Balin,J (2309) Hrdonov 2013}) 18... O-O 19. Rhf1 Rfd8 20. Bg2 a5 $1 21. Nd2 a4 $1 22. Nxc4 (22. fxe5 $11 dxe5 23. Ne4) 22... bxc4 $17 23. fxe5 dxe5 24. d6 Bxd6 {[%cal Be7d6,Bd6a3,Ba3b2][%mdl 32] Threatens to win with ...c3.} 25. Rxf6 $2 {This costs White the game.} gxf6 $19 26. Qxh5 $2 (26. c3 Ba3 27. Rxd8+ Qxd8 28. Ka1) 26... Ba3 $1 27. Bd5 {[#]} Rxd5 $1 {[%mdl 512]} 28. Rxd5 {[#]} (28. Qg4+ Kf8) 28... Bxb2 $1 {[%mdl 512]} 29. Bxb2 a3 {[%mdl 64] Pin} 30. Qg4+ $2 (30. Ka1 {was necessary.} Rxb2 31. Qd1) 30... Kf8 31. Qd7 Rxb2+ 32. Kc1 Qxd7 33. Rxd7 Rxa2 {aiming for ...c3. KR-KR} 34. Kd2 Ra1 {White must now prevent ...a2.} ({Avoid the trap} 34... Rb2 $2 35. Ra7 $19) 35. Kc3 e4 {[%cal Be5e4,Be4e3][%mdl 32] ( -> ...e3)} 36. Kxc4 e3 37. Rd8+ {[#]} Kg7 $1 ({Inferior is} 37... Ke7 38. Rd3 $11) 38. Re8 Rb1 {Weighted Error Value: White=1.05/Black=0.07 (flawless)} 0-1

[Event "SVK ECo-C Extraliga 2021-22"]
[Site "Slovakia"]
[Date "2022.03.12"]
[Round "5.2"]
[White "Balogh, Csaba"]
[Black "Druska, Juraj"]
[Result "1-0"]
[WhiteElo "2578"]
[BlackElo "2503"]
[Annotator "TA"]
[PlyCount "113"]
[EventDate "2021.10.21"]
[EventType "team-tourn"]
[EventCountry "SVK"]
[SourceTitle "playchess.com"]
[Source "ChessBase"]
[SourceQuality "1"]

{[%evp 11,113,27,29,22,47,15,17,27,40,35,36,4,60,55,61,55,47,67,140,143,139,161,177,127,118,96,118,96,125,131,133,121,130,127,137,137,303,280,314,315,538,226,265,256,235,264,327,329,643,414,396,262,257,247,256,254,254,200,204,207,200,185,459,459,417,112,200,206,198,181,204,202,302,247,501,493,714,701,688,500,609,418,446,398,372,375,504,512,487,491,663,633,1132,1144,1057,1111,910,818,1595,1492,1772,1479,1121,911]} 1. e4 c5 2. Nf3 Nc6 3. Bb5 e6 4. O-O Nge7 5. d4 cxd4 6. Nxd4 Qb6 {6...Ng6 is the modern continuation.} 7. Nxc6 {B30: Sicilian: 2...Nc6 3 Bb5, lines without ...g6.} bxc6 8. Bd3 Ng6 9. c4 {The position is equal.} Be7 10. Nc3 O-O 11. Qc2 $5 {[%mdl 4] [#] Exploring less charted territory.} (11. Na4 $5 {[%cal Ra4b6]} Qc7 12. Be3 $11) 11... Bf6 $146 (11... Ne5 $11) ({Predecessor:} 11... Qc7 12. Re1 a6 13. Be3 c5 14. g3 Ne5 15. Be2 Bb7 16. Rad1 Rad8 17. Kg2 Nc6 {0-1 (40) Goh,W (2433)-Salgado Lopez,I (2620) Tromsoe 2014}) 12. Na4 Qa5 13. Bd2 Qh5 14. c5 Be5 (14... Ne5 $14) 15. f4 $1 $16 {[%cal Bf2f4,Bf4f5][%mdl 32]} Bd4+ 16. Kh1 e5 17. f5 Nf4 18. Bc3 ({Resist} 18. Bxf4 $6 exf4 19. Rad1 Be5 $14) 18... Bxc3 19. Nxc3 d5 20. cxd6 Qh6 21. Bc4 $36 {[%mdl 2048] Black is under strong pressure. White is more active.} Qxd6 22. Rad1 Qb4 23. Na4 c5 $2 (23... h6 $16 24. Rd2 Nh5) 24. a3 $18 Qb8 25. Nxc5 {And now g3 would win.} a5 $2 (25... Kh8 26. b4 Qc7) 26. Qc3 (26. g3 $142) 26... Ra7 27. b4 axb4 28. axb4 Re8 29. Rd2 Qa8 $2 (29... h6 30. Rfd1 Kh7) 30. Qxe5 {[%cal Re5e8]} Ba6 31. Qd4 Bxc4 32. Qxc4 Ra1 33. Rdf2 Nh5 34. b5 {b6 is the strong threat.} Nf6 35. Rxa1 Qxa1+ 36. Rf1 Qb2 (36... Qa7 {might work better.}) 37. Nd3 $1 Qd2 38. Nf2 {To avoid Ng4} (38. e5 $18 {and White stays clearly on top.} Ng4 39. Qe4 (39. Qxg4 Qxd3 40. Rc1 Qe3 $18)) 38... Qe3 (38... h6 $16) 39. Qc6 Rd8 {[%cal Oe3f2] [#] Hoping for ...Qxf2!} 40. Qc7 $1 Ra8 {[%cal Oe3f2] [#]} 41. Kg1 {Black must now prevent b6.} Qa7 (41... Nxe4 $2 42. Qe5 $18) (41... Ng4 $142) 42. Qc6 Nd7 $2 (42... Rb8 {is a better defense.} 43. e5 Ne8) 43. Rd1 Nb6 (43... Nf8 $142 44. b6 Qa6) 44. f6 gxf6 45. Qxf6 Nc4 46. h3 Qb6 47. Qg5+ Kf8 48. Rd7 {Threatening mate with Qe7+.} Qe6 {To avoid Qe7+} 49. Rd8+ {White is clearly winning.} Rxd8 50. Qxd8+ Kg7 51. Qd4+ f6 52. Nd3 Qb6 53. Qxb6 Nxb6 54. Kf2 Kf7 55. Ke3 {Strongly threatening Kd4.} Ke6 56. Kd4 {aiming for Kc5.} Kd6 57. Nf4 {Weighted Error Value: White=0.40/Black=0.52} 1-0

[Event "SVK ECo-C Extraliga 2021-22"]
[Site "Slovakia"]
[Date "2022.03.12"]
[Round "5.2"]
[White "Malinovsky, Karel"]
[Black "Sahidi, Samir"]
[Result "0-1"]
[WhiteElo "2473"]
[BlackElo "2432"]
[Annotator "TA"]
[PlyCount "86"]
[EventDate "2021.10.21"]
[EventType "team-tourn"]
[EventCountry "SVK"]
[SourceTitle "playchess.com"]
[Source "ChessBase"]
[SourceQuality "1"]

{[%evp 16,86,50,0,7,0,20,21,18,23,14,27,79,60,78,32,25,29,110,91,129,47,41,48,38,18,17,21,85,29,36,-25,-22,-135,-16,-47,-38,-74,-25,-14,-17,-17,-14,-108,-100,-194,-122,-113,-85,-106,-92,-89,3,-110,-116,-127,-92,-77,-64,-429,-321,-295,-297,-407,-406,-405,-405,-687,-680,-680,-677,-677,-635]} 1. e4 e5 2. Nf3 Nc6 3. Bb5 a6 4. Ba4 Nf6 5. O-O b5 6. Bb3 Bc5 7. c3 d6 8. d4 Bb6 9. Be3 (9. a4 $14 {is superior.}) 9... O-O $11 {C78: Ruy Lopez: Archangelsk and Möller Defences.} 10. Nbd2 Bg4 11. h3 Bh5 {The position is equal.} 12. dxe5 {12.Bg5 is vanishing.} Nxe5 13. Bxb6 Nxf3+ (13... cxb6 $11 14. g4 Bg6) 14. Nxf3 $16 ({But not} 14. gxf3 $6 cxb6 15. Qe2 d5 $11) 14... cxb6 {[#]} 15. g4 $146 (15. Re1 $16) ({Predecessor:} 15. Re1 Re8 16. g4 Bg6 17. e5 Nd7 18. exd6 Rxe1+ 19. Qxe1 Nc5 20. Rd1 Qf6 21. Ne5 Nxb3 22. axb3 {1-0 (29) Stefansson,H (2519)-Jones,G (2684) Reykjavik 2021}) 15... Bg6 $14 16. e5 Ne4 (16... dxe5 $11 17. Nxe5 Qc7 18. Nxg6 hxg6) 17. Bd5 Ra7 18. Qd4 ({Resist} 18. Re1 Nc5 $14) (18. a4 $1 $16) 18... Nc5 $1 19. Rad1 ({Much weaker is} 19. exd6 Rd7 20. Ne5 Rxd6 21. Nxg6 hxg6 $15) 19... Rd7 20. c4 bxc4 21. Qxc4 b5 (21... dxe5 $11 22. Nxe5 Rd6) 22. Qd4 ({White should try} 22. Qc3 $1 $16) 22... Ne6 $11 23. Qe3 (23. Bxe6 $14 fxe6 24. Qe3) 23... dxe5 24. Qxe5 (24. Bb3 $1 $11 {was the only way to keep the balance.}) 24... Nf4 25. Bb3 Nd3 $36 {[%mdl 2048] Black has good play.} 26. Qg3 Nxb2 (26... Qf6 $17) 27. Rxd7 Qxd7 28. Ne5 Qd4 29. Kh2 (29. Rc1 $11) 29... Nc4 $17 30. Nf3 {[#]} (30. Re1 $17) 30... Qc5 ({Black should play} 30... Qb2 $1 $19 {Threatens to win with ...a5.} 31. Re1 Bb1 32. Bxc4 bxc4) 31. Re1 a5 {[%cal Ba6a5,Ba5a4][%mdl 32] And now ...a4 would win. Black is more active.} 32. Ne5 Nxe5 33. Rxe5 Qb4 (33... Qb6 $17) 34. Qe3 (34. a3 $1 $11 {remains equal.} Qd2 35. Rxb5) 34... a4 35. Bd5 h6 36. f4 Bb1 {aiming for ...Qb2+.} 37. f5 $2 {[%mdl 8192] Now White is beyond hope.} ({Better is} 37. Kg3 $1 $15) 37... Qb2+ 38. Qe2 Qd4 39. Qe3 Qxe3 40. Rxe3 Rd8 41. Re5 (41. Bc6 $142 Bxa2 42. Bxb5) 41... b4 $19 {[%cal Ob1a2] Hoping for ...Bxa2! Black is clearly winning.} 42. Kg3 {[#]} Rxd5 $1 {[%mdl 512]} 43. Rxd5 Bxa2 {Weighted Error Value: White=0.64/Black=0.26 (precise)} 0-1

[Event "SVK ECo-C Extraliga 2021-22"]
[Site "Slovakia"]
[Date "2022.03.12"]
[Round "5.2"]
[White "Leniart, Arkadiusz"]
[Black "Neugebauer, Martin"]
[Result "1-0"]
[WhiteElo "2465"]
[BlackElo "2502"]
[Annotator "TA"]
[PlyCount "117"]
[EventDate "2021.10.21"]
[EventType "team-tourn"]
[EventCountry "SVK"]
[SourceTitle "playchess.com"]
[Source "ChessBase"]
[SourceQuality "1"]

{[%evp 18,117,46,36,44,28,35,20,24,9,3,0,0,0,0,0,0,0,0,0,0,0,4,0,14,8,5,7,12,-75,-69,-99,0,0,72,67,63,64,93,87,89,85,139,135,139,99,142,142,138,131,150,133,150,124,125,139,157,149,200,165,222,229,187,200,263,262,470,466,571,522,487,475,578,568,830,815,831,461,662,653,666,651,670,654,601,534,686,699,665,631,700,676,772,737,1734,817,12841,12842,12842,908,837,713]} 1. e4 c5 2. Nf3 Nc6 3. d4 cxd4 4. Nxd4 g6 5. c4 Nf6 6. Nc3 d6 7. Be2 Nxd4 8. Qxd4 Bg7 9. Be3 O-O 10. Qd2 a5 {B36: Sicilian: Maroczy Bind: Gurgenidze System.} 11. O-O a4 12. Rfd1 {12.Bd4 is becoming the main line.} Qa5 {The position is equal.} 13. f3 Be6 $1 14. Rac1 Rfc8 15. Nb5 Nd7 16. Qxa5 Rxa5 17. Nd4 Nc5 18. Nxe6 fxe6 19. Rc2 Rc6 {[#]} 20. f4 $146 ({Predecessor:} 20. Bd2 Ra8 21. Bb4 Rb6 22. Bxc5 dxc5 23. Rdd2 Bd4+ 24. Kf1 Rb4 25. Bd1 e5 26. Re2 Ra6 27. Ke1 Rab6 28. a3 Rxb2 29. Rxb2 Rxb2 30. Rxb2 Bxb2 31. Bxa4 Bxa3 {½-½ (31) Kollars,D (2500)-Quinonez Garcia,S (2323) Montevideo 2017}) 20... Nxe4 21. Bf3 d5 22. Bxe4 dxe4 23. Rd8+ (23. Rd7 $11) 23... Kf7 $17 24. Rb8 {[#]} a3 ({Black should try} 24... Rb5 $1 $17 {[%cal Rb5b2]} 25. cxb5 Rxc2 26. Rxb7 e5 27. fxe5 Bxe5) 25. b3 $11 Rb5 26. Rd2 $36 {[%mdl 2048] White has some pressure.} Rb4 27. Ra8 Bb2 28. Rdd8 {Hoping for Rf8+.} e5 29. fxe5 Ke6 ({Better is} 29... Ra6) 30. Kf1 Bxe5 31. Rxa3 Bxh2 32. Rd4 $1 Bd6 33. Ra5 {Prevents b5.} ({Don't do} 33. Rxe4+ $6 Kd7 $14) 33... Ra6 34. Rxe4+ Kd7 35. Rxa6 {White is more active.} bxa6 {[%mdl 4096] Endgame KRB-KRB} 36. Ke2 Rb8 37. c5 Bc7 {[#]} (37... Bg3 $16 {is a better defense.} 38. Bg5 e6) 38. b4 $1 $18 e5 (38... Bg3 $142 39. a3 e6) 39. Kd3 Ke6 {[#]} 40. Kc4 $1 {Black must now prevent Rh4.} h5 41. Rh4 Kf5 $2 (41... Rd8 42. g4 hxg4) 42. a4 {White is clearly winning.} Bd8 43. Rh1 Kg4 44. Rh3 ({Weaker is} 44. b5 axb5+ 45. axb5 h4 $18) 44... h4 45. b5 axb5+ 46. axb5 Ra8 47. Bd2 {And now b6 would win.} e4 (47... Ra4+ $142 48. Kb3 Rd4) 48. Re3 Kf5 49. Re2 Ra2 {[%cal Oe4e3]} 50. Rf2+ Ke6 51. Be3 Ra3 52. Re2 Ra4+ 53. Kb3 Ra1 54. b6 Be7 55. Kc4 Kd7 56. Kd5 (56. Rb2 $142) 56... Rd1+ 57. Rd2 Rc1 58. Rb2 (58. b7 $142 Bd6 59. cxd6) 58... Rd1+ 59. Kxe4 {Weighted Error Value: White=0.16 (very precise) /Black=0.36} 1-0